[Event "Alicante IM 4th"]
[Site "Alicante"]
[Date "2025.07.04"]
[Round "9"]
[White "Luque Saiz, Andres"]
[Black "Pardo Ruiz, Carlos"]
[Result "1/2-1/2"]
[WhiteElo "2352"]
[BlackElo "2190"]
[PlyCount "61"]
[EventDate "2025.06.30"]
[EventType "tourn"]
[EventRounds "9"]
[EventCountry "ESP"]
[EventCategory "2"]
[SourceTitle "CB28_2025"]
[SourceDate "2025.07.09"]
[SourceVersion "1"]
[SourceVersionDate "2025.07.09"]
[SourceQuality "1"]

1. d4 d5 2. Nf3 Nf6 3. c4 c6 4. cxd5 cxd5 5. Nc3 Nc6 6. Bf4 Bf5 7. a3 a6 8. e3 e6 9. Bd3 Bxd3 10. Qxd3 Bd6 11. Bxd6 Qxd6 12. 0-0 0-0 13. Na4 Na5 14. Nd2 Rac8 15. Rac1 b5 16. Nc5 Nd7 17. b4 Nc4 18. Rc3 Rc6 19. Rfc1 Rfc8 20. h3 g6 21. R3c2 R6c7 22. g3 h6 23. Kg2 Kg7 24. h4 h5 25. Nxc4 bxc4 26. Qd2 Nxc5 27. bxc5 Qc6 28. Rb1 Rb7 29. Rxb7 Qxb7 30. Rb2 Qc6 31. Qa5 1/2-1/2

[Event "Alicante IM 4th"]
[Site "Alicante"]
[Date "2025.07.02"]
[Round "5"]
[White "Luque Saiz, Andres"]
[Black "Garcia Ramos, Marcos"]
[Result "1-0"]
[WhiteElo "2352"]
[BlackElo "2178"]
[PlyCount "47"]
[EventDate "2025.06.30"]
[EventType "tourn"]
[EventRounds "9"]
[EventCountry "ESP"]
[EventCategory "2"]
[SourceTitle "CB28_2025"]
[SourceDate "2025.07.09"]
[SourceVersion "1"]
[SourceVersionDate "2025.07.09"]
[SourceQuality "1"]

1. d4 d5 2. Nf3 Nf6 3. c4 e6 4. Nc3 Nbd7 5. Bg5 Bb4 6. Qc2 c5 7. cxd5 exd5 8. e3 Qa5 9. Bd3 c4 10. Bf5 h6 11. Bh4 0-0 12. 0-0 Bxc3 13. bxc3 Re8 14. Nd2 Qa6 15. Rab1 g5 16. Bg3 Nh5 17. e4 Ng7 18. Bxd7 Bxd7 19. f4 g4 20. f5 dxe4 21. Nxe4 Bxf5 22. Be5 Bxe4 23. Qxe4 f6 24. Rxb7 1-0

[Event "Benidorm Bali op-A 21st"]
[Site "Benidorm"]
[Date "2024.12.04"]
[Round "8"]
[White "Gormally, Daniel"]
[Black "Luque Saiz, Andres"]
[Result "1-0"]
[WhiteElo "2424"]
[BlackElo "2343"]
[PlyCount "55"]
[EventDate "2024.11.29"]
[EventType "swiss"]
[EventRounds "9"]
[EventCountry "ESP"]
[SourceTitle "CB50_2024"]
[SourceDate "2024.11.01"]
[SourceVersion "1"]
[SourceVersionDate "2024.11.01"]
[SourceQuality "2"]

1. e4 e6 2. d4 d5 3. Nd2 h6 4. Ngf3 Nf6 5. e5 Nfd7 6. c4 c5 7. cxd5 exd5 8. Bd3 c4 9. Bc2 Nb6 10. 0-0 Nc6 11. b3 g5 12. bxc4 g4 13. Ne1 dxc4 14. Bb2 Be6 15. Ne4 Be7 16. f4 gxf3 17. Qxf3 Nxd4 18. Qf2 Nxc2 19. Nxc2 Qd5 20. Nf6+ Bxf6 21. Rad1 Qe4 22. exf6 0-0 23. Nd4 Kh7 24. Rde1 Qg6 25. Re3 Nd5 26. Rg3 Qh5 27. Nxe6 fxe6 28. Qc2+ 1-0

[Event "Benidorm Bali op-A 21st"]
[Site "Benidorm"]
[Date "2024.12.02"]
[Round "5"]
[White "Luque Saiz, Andres"]
[Black "Gomez Pastrana, Juan"]
[Result "1/2-1/2"]
[WhiteElo "2343"]
[BlackElo "2197"]
[PlyCount "143"]
[EventDate "2024.11.29"]
[EventType "swiss"]
[EventRounds "9"]
[EventCountry "ESP"]
[SourceTitle "CB50_2024"]
[SourceDate "2024.11.01"]
[SourceVersion "1"]
[SourceVersionDate "2024.11.01"]
[SourceQuality "2"]

1. e4 c5 2. Nf3 Nc6 3. Bb5 Nf6 4. e5 Nd5 5. Nc3 Nc7 6. Bc4 g6 7. 0-0 Bg7 8. Re1 0-0 9. d3 h6 10. Ne4 d5 11. exd6 exd6 12. Bf4 d5 13. Bxc7 Qxc7 14. Bxd5 Bxb2 15. c3 Bf5 16. Rb1 Bxe4 17. Rxe4 Bxc3 18. Qb3 Bf6 19. Qxb7 Qxb7 20. Rxb7 Nb4 21. Bc4 Rad8 22. Rxa7 Nxd3 23. g3 Nb2 24. Bb5 Rc8 25. Nd2 Ra8 26. Rxa8 Rxa8 27. a4 c4 28. Nxc4 Nxa4 29. Bc6 Ra6 30. Re8+ Kg7 31. Bb5 Ra7 32. Rc8 Nc3 33. Nd6 Nxb5 34. Ne8+ Kh7 35. Nxf6+ Kg7 36. Ne8+ Kh7 37. Kg2 Nd4 38. h4 h5 39. Rd8 Ne6 40. Rb8 Nd4 41. Nf6+ Kg7 42. Ne8+ Kh7 43. Kh3 Ra2 44. Rb4 Ne6 45. Kg2 Ra7 46. Kf3 Re7 47. Rb8 Nd4+ 48. Kg2 Ne6 49. Rc8 Nd4 50. Kf1 Ne6 51. Kg1 Nd4 52. Kg2 Ne6 53. f3 Nd4 54. g4 hxg4 55. fxg4 f5 56. g5 f4 57. Nf6+ Kg7 58. Rc4 Re2+ 59. Kf1 Rd2 60. Rc7+ Kf8 61. Rd7 Rd1+ 62. Kg2 f3+ 63. Kg3 Nf5+ 64. Kxf3 Nxh4+ 65. Kg4 Rxd7 66. Nxd7+ Ke7 67. Ne5 Ke6 68. Kf4 Ng2+ 69. Ke4 Nh4 70. Nd3 Nf5 71. Nf4+ Kf7 72. Nxg6 1/2-1/2

[Event "ESP-chT Rapid"]
[Site "Ubeda"]
[Date "2024.08.25"]
[Round "6.2"]
[White "Kuzubov, Yuriy"]
[Black "Luque Saiz, Andres"]
[Result "1-0"]
[WhiteElo "2606"]
[BlackElo "2372"]
[PlyCount "61"]
[EventDate "2024.08.25"]
[EventType "team-swiss (rapid)"]
[EventRounds "7"]
[EventCountry "ESP"]
[SourceTitle "CBM 221 Extra"]
[Source "ChessBase"]
[SourceDate "2024.09.30"]
[SourceVersion "1"]
[SourceVersionDate "2024.09.30"]
[SourceQuality "1"]
[WhiteTeam "Jaime Casas"]
[BlackTeam "Silla Integrant"]
[WhiteTeamCountry "ESP"]
[BlackTeamCountry "ESP"]

1. d4 e6 2. c4 f5 3. g3 Nf6 4. Bg2 d5 5. Nh3 Bd6 6. Bf4 Be7 7. Nd2 0-0 8. Qc2 Nc6 9. e3 Ne4 10. a3 g5 11. Be5 Nxe5 12. dxe5 Qe8 13. f4 gxf4 14. Nxf4 c6 15. Nxe4 dxe4 16. 0-0-0 c5 17. g4 Bg5 18. Rhg1 Kh8 19. Bf1 Qe7 20. Qc3 Bxf4 21. exf4 Bd7 22. gxf5 Rxf5 23. Qd2 Ba4 24. Re1 Rd8 25. Qe3 Bc6 26. Be2 b6 27. Rg4 Rdf8 28. Reg1 Qf7 29. Qg3 h6 30. Rg7 Qe8 31. Rh7+ 1-0

[Event "ESP-chT Rapid"]
[Site "Ubeda"]
[Date "2024.08.25"]
[Round "7.14"]
[White "Luque Saiz, Andres"]
[Black "Cuenca Jimenez, Jose Fernando"]
[Result "0-1"]
[WhiteElo "2372"]
[BlackElo "2472"]
[PlyCount "100"]
[EventDate "2024.08.25"]
[EventType "team-swiss (rapid)"]
[EventRounds "7"]
[EventCountry "ESP"]
[SourceTitle "CBM 221 Extra"]
[Source "ChessBase"]
[SourceDate "2024.09.30"]
[SourceVersion "1"]
[SourceVersionDate "2024.09.30"]
[SourceQuality "1"]
[WhiteTeam "Silla Integrant"]
[BlackTeam "Costa Calida"]
[WhiteTeamCountry "ESP"]
[BlackTeamCountry "ESP"]

1. e4 c5 2. d4 cxd4 3. c3 Nf6 4. e5 Nd5 5. Nf3 Nc6 6. Bc4 Nb6 7. Bb3 d5 8. exd6 Qxd6 9. Na3 a6 10. 0-0 Bf5 11. Nxd4 Nxd4 12. cxd4 e6 13. Qf3 Be7 14. Bf4 Qd7 15. Rac1 Nd5 16. Bxd5 Qxd5 17. Qg3 0-0 18. Nc4 Rad8 19. Bc7 Rde8 20. Nb6 Qxa2 21. Qc3 Rc8 22. Nxc8 Rxc8 23. Qg3 Bf8 24. b3 Re8 25. h3 Qd2 26. Be5 Qb4 27. Rc7 h6 28. Rfc1 Bg6 29. Qc3 Qxc3 30. R1xc3 f6 31. Bg3 Be4 32. Rc8 Rxc8 33. Rxc8 Kf7 34. Bb8 Bd5 35. Ba7 Ba3 36. Bc5 Bb2 37. b4 g5 38. f3 h5 39. Kf2 h4 40. Rc7+ Kg6 41. Ke3 Bc1+ 42. Kd3 Bf4 43. Rc8 Kf7 44. Rf8+ Kg6 45. Rd8 b5 46. Ke2 Bg3 47. Kf1 Bc4+ 48. Kg1 Bf4 49. Rd7 Kf5 50. Ra7 Be3+ 0-1

[Event "Mutxamel 6th"]
[Site "Mutxamel"]
[Date "2024.08.23"]
[Round "9"]
[White "Horcajuelo Rocamora, Martin"]
[Black "Luque Saiz, Andres"]
[Result "1/2-1/2"]
[WhiteElo "2295"]
[BlackElo "2372"]
[PlyCount "62"]
[EventDate "2024.08.19"]
[EventType "tourn"]
[EventRounds "9"]
[EventCountry "ESP"]
[EventCategory "2"]
[SourceTitle "CBM 221 Extra"]
[Source "ChessBase"]
[SourceDate "2024.09.30"]
[SourceVersion "1"]
[SourceVersionDate "2024.09.30"]
[SourceQuality "1"]

1. d4 d5 2. c4 c6 3. Nc3 Nf6 4. e3 a6 5. Nf3 Bg4 6. Be2 b5 7. b3 e6 8. 0-0 Bd6 9. a4 b4 10. Nb1 a5 11. Nbd2 0-0 12. Bb2 Bxf3 13. Bxf3 Nbd7 14. Rc1 Rc8 15. cxd5 cxd5 16. Rxc8 Qxc8 17. Qc1 Qb7 18. Qb1 Rc8 19. Rc1 Rxc1+ 20. Qxc1 Qc7 21. Qxc7 Bxc7 22. h3 Kf8 23. Kf1 Ke7 24. Ke2 Ne8 25. g3 f5 26. h4 Ndf6 27. Bg2 h5 28. f4 Ne4 29. Nxe4 fxe4 30. Bc1 Nd6 31. Bh3 g6 1/2-1/2

[Event "Mutxamel 6th"]
[Site "Mutxamel"]
[Date "2024.08.19"]
[Round "1"]
[White "Luque Saiz, Andres"]
[Black "Docampo Beltran, Dexter"]
[Result "0-1"]
[WhiteElo "2372"]
[BlackElo "2371"]
[PlyCount "146"]
[EventDate "2024.08.19"]
[EventType "tourn"]
[EventRounds "9"]
[EventCountry "ESP"]
[EventCategory "2"]
[SourceTitle "CBM 221 Extra"]
[Source "ChessBase"]
[SourceDate "2024.09.30"]
[SourceVersion "1"]
[SourceVersionDate "2024.09.30"]
[SourceQuality "1"]

1. e4 d6 2. d4 c6 3. Nf3 Nf6 4. Bd3 e5 5. c3 Nbd7 6. 0-0 Be7 7. Re1 0-0 8. Nbd2 Re8 9. Nf1 h6 10. Ng3 Bf8 11. h3 Qc7 12. Be3 a6 13. Rc1 b5 14. Bb1 Nb6 15. b3 a5 16. Nh4 Nh7 17. Nhf5 Kh8 18. Qd3 c5 19. f4 c4 20. Qc2 cxb3 21. axb3 a4 22. bxa4 Rxa4 23. fxe5 dxe5 24. Bf2 Nc4 25. Qe2 Ra3 26. Bd3 Ng5 27. Bxc4 bxc4 28. d5 Bd7 29. Ne3 Rc8 30. Kh2 Rb3 31. Rc2 Nh7 32. Ngf1 Nf6 33. Nd2 Bb5 34. Ra1 Bc5 35. Nd1 Ra3 36. Rxa3 Bxa3 37. Ra2 Qe7 38. Ne3 Qf8 39. Qd1 Bc5 40. Ra5 Rb8 41. Qf3 Qd8 42. Ra2 Nh7 43. Nexc4 Ng5 44. Qe2 Rc8 45. Bg3 Qc7 46. Rb2 Ba6 47. Qe1 Bxc4 48. Nxc4 Bf8 49. Nb6 Rb8 50. Na4 Ra8 51. Nb6 Ra6 52. Bf2 Bc5 53. Bxc5 Qxc5 54. Nd7 Qc7 55. Rb8+ Kh7 56. Nf8+ Kg8 57. Nd7+ Kh7 58. Nf8+ Kg8 59. Nd7+ Kh7 60. h4 Qxd7 61. hxg5 hxg5 62. Qe3 Qg4 63. Rb1 Rh6+ 64. Kg1 Qh4 65. Kf1 Qh2 66. Rb2 Qh1+ 67. Qg1 Qh5 68. g3 Qf3+ 69. Rf2 Qxe4 70. Rh2 Qd3+ 71. Kg2 Qxd5+ 72. Kf1 Qd1+ 73. Kg2 Qxg1+ 0-1

[Event "ESP-ch Blitz"]
[Site "Mengibar"]
[Date "2024.08.16"]
[Round "7"]
[White "Gines Esteo, Pedro Antonio"]
[Black "Luque Saiz, Andres"]
[Result "1-0"]
[WhiteElo "2477"]
[BlackElo "2372"]
[PlyCount "117"]
[EventDate "2024.08.16"]
[EventType "swiss (blitz)"]
[EventRounds "11"]
[EventCountry "ESP"]
[SourceTitle "CBM 221 Extra"]
[Source "ChessBase"]
[SourceDate "2024.09.30"]
[SourceVersion "1"]
[SourceVersionDate "2024.09.30"]
[SourceQuality "1"]

1. Nf3 c5 2. c4 Nc6 3. Nc3 g6 4. e3 Bg7 5. d4 d6 6. d5 Bxc3+ 7. bxc3 Na5 8. e4 b6 9. h4 Bg4 10. Qd3 Nf6 11. e5 Bf5 12. Qe3 Ng4 13. Qf4 dxe5 14. Nxe5 Nxe5 15. Qxe5 f6 16. Qg3 h5 17. Be2 Kf7 18. 0-0 Qd7 19. Re1 Rag8 20. Bf4 Nb7 21. Bf1 Nd6 22. a4 g5 23. hxg5 Ne4 24. Qe3 Nxg5 25. Kh1 Ne4 26. Ra2 Nd6 27. Qc1 Rg4 28. Bh2 Rhg8 29. Rae2 Ne4 30. f3 Ng3+ 31. Bxg3 Rxg3 32. Qh6 R8g7 33. Rxe7+ Qxe7 34. Rxe7+ Kxe7 35. Kg1 R3g5 36. f4 Rg4 37. Qxh5 Be4 38. Qh3 Kd6 39. Kf2 Bxg2 40. Bxg2 Rxg2+ 41. Qxg2 Rxg2+ 42. Kxg2 Ke7 43. Kg3 Kf7 44. Kg4 Kg6 45. f5+ Kf7 46. Kh5 Kg7 47. Kh4 Kf7 48. Kg4 Kg7 49. Kh5 a6 50. Kh4 Kf7 51. Kg4 Kf8 52. Kh5 Kg7 53. d6 Kf7 54. Kh6 Ke8 55. Kg6 Kd7 56. Kxf6 Kxd6 57. Kg7 Ke5 58. f6 Ke4 59. f7 1-0

[Event "Valencia Cuna op 5th"]
[Site "Valencia"]
[Date "2024.07.08"]
[Round "3"]
[White "Luque Saiz, Andres"]
[Black "Domingo Nunez, Ruben"]
[Result "1-0"]
[WhiteElo "2321"]
[BlackElo "2438"]
[PlyCount "130"]
[EventDate "2024.07.06"]
[EventType "swiss"]
[EventRounds "9"]
[EventCountry "ESP"]
[SourceTitle "CBM 221 Extra"]
[Source "ChessBase"]
[SourceDate "2024.09.30"]
[SourceVersion "1"]
[SourceVersionDate "2024.09.30"]
[SourceQuality "1"]

1. e4 c5 2. Nf3 Nc6 3. Bb5 e6 4. 0-0 Nge7 5. c3 a6 6. Ba4 b5 7. Bc2 Bb7 8. Re1 Rc8 9. d3 Ng6 10. Nbd2 Qc7 11. Nf1 Be7 12. Ng3 0-0 13. Ng5 h6 14. Nh3 Bd6 15. Qh5 Nce7 16. Rf1 f5 17. exf5 Qc6 18. f3 exf5 19. d4 Qd5 20. Ne2 Qf7 21. dxc5 Bxc5+ 22. Kh1 Bd5 23. Nhf4 Nxf4 24. Qxf7+ Bxf7 25. Nxf4 g5 26. Nd3 Bb6 27. Ne5 Be6 28. Bb3 d5 29. Re1 Rfe8 30. Be3 Bxe3 31. Rxe3 f4 32. Re2 Nf5 33. Ng4 Kf8 34. Rae1 Bf7 35. Rxe8+ Rxe8 36. Rxe8+ Kxe8 37. Bxd5 Bxd5 38. Nf6+ Ke7 39. Nxd5+ Kd6 40. Nf6 Ne3 41. Kg1 Nc4 42. b3 Ne5 43. Ng4 Nd3 44. Kf1 Nc1 45. Ke1 Nxa2 46. Kd2 b4 47. cxb4 h5 48. Nf6 Ke5 49. Nd7+ Kd4 50. Nc5 Nxb4 51. Ne6+ Ke5 52. Nxg5 Nd5 53. Nh3 Ne3 54. g3 h4 55. Nxf4 Nf1+ 56. Ke2 hxg3 57. Ng6+ Kd4 58. Kxf1 gxh2 59. Kg2 a5 60. f4 Ke4 61. Kxh2 Kf5 62. Kg3 Kxg6 63. Kf3 Kf5 64. Ke3 Kf6 65. Ke4 Ke6 1-0

[Event "Titled Tuesday intern op 17th Oct Early"]
[Site "Chess.com INT"]
[Date "2023.10.17"]
[Round "7"]
[White "Andreev, Konstantin1"]
[Black "Luque Saiz, Andres"]
[Result "1-0"]
[WhiteElo "2284"]
[BlackElo "2339"]
[PlyCount "155"]
[EventDate "2023.10.17"]
[EventType "swiss (blitz)"]
[EventRounds "11"]
[EventCountry "USA"]
[SourceTitle "EXT 2025"]
[Source "ChessBase"]
[SourceDate "2024.10.14"]
[SourceVersion "1"]
[SourceVersionDate "2024.10.14"]
[SourceQuality "1"]

1. e4 e6 2. d4 d5 3. Nc3 Bb4 4. e5 c5 5. a3 Bxc3+ 6. bxc3 Qa5 7. Bd2 Qa4 8. Qg4 Kf8 9. Qd1 Nc6 10. Nf3 Nge7 11. dxc5 Ng6 12. Rb1 Qe4+ 13. Be2 Nf4 14. Bxf4 Qxf4 15. 0-0 Nxe5 16. Nxe5 Qxe5 17. c4 g6 18. cxd5 Qxd5 19. Qxd5 exd5 20. Bf3 Be6 21. Rxb7 Kg7 22. c6 Rhc8 23. c7 a5 24. Rfb1 Ra6 25. c4 dxc4 26. Kf1 Rd6 27. R1b5 Rd7 28. Rc5 Rd3 29. Rb8 Rxa3 30. Bb7 Bg4 31. f3 Rxc7 32. Rxc7 Be6 33. Re8 Kf6 34. Be4 Ra1+ 35. Kf2 Ra2+ 36. Kg3 h5 37. Ra8 g5 38. h3 h4+ 39. Kh2 Ke5 40. Rc5+ Kf4 41. Rcxa5 Rd2 42. Rc5 Ke3 43. Ra3+ Kf4 44. Raa5 f6 45. Bd5 Bxh3 46. Kxh3 f5 47. Rxc4+ Ke3 48. Ra3+ Kf2 49. Bc6 Kg1 50. Rc1+ Kf2 51. Bb5 g4+ 52. fxg4 fxg4+ 53. Kh2 g3+ 54. Kh1 Re2 55. Bxe2 Kxe2 56. Rc2+ Kd1 57. Rb2 Kc1 58. Rba2 Kb1 59. Rf2 gxf2 60. Rf3 Kc2 61. Rxf2+ Kd3 62. Rf4 Ke3 63. Rxh4 Kf2 64. Rf4+ Kg3 65. Rf3+ Kg4 66. Kh2 Kg5 67. Kg3 Kh5 68. Rf5+ Kg6 69. Kg4 Kh6 70. Rf6+ Kg7 71. Kg5 Kh7 72. Rf7+ Kg8 73. Kg6 Kh8 74. g3 Kg8 75. g4 Kh8 76. g5 Kg8 77. Rf6 Kh8 78. Rf8# 1-0

[Event "Titled Tuesday intern op 17th Oct Early"]
[Site "Chess.com INT"]
[Date "2023.10.17"]
[Round "6"]
[White "Luque Saiz, Andres"]
[Black "Garic, Radomir"]
[Result "1-0"]
[WhiteElo "2339"]
[BlackElo "2221"]
[PlyCount "85"]
[EventDate "2023.10.17"]
[EventType "swiss (blitz)"]
[EventRounds "11"]
[EventCountry "USA"]
[SourceTitle "EXT 2025"]
[Source "ChessBase"]
[SourceDate "2024.10.14"]
[SourceVersion "1"]
[SourceVersionDate "2024.10.14"]
[SourceQuality "1"]

1. Nf3 Nf6 2. b3 a5 3. Bb2 a4 4. b4 b6 5. e3 Bb7 6. a3 g6 7. Be2 Bg7 8. 0-0 0-0 9. c4 d6 10. Nc3 Qd7 11. d4 Nc6 12. b5 Nd8 13. Nxa4 Ne4 14. Nc3 Nxc3 15. Bxc3 c5 16. Qd2 Ne6 17. d5 Nc7 18. Bxg7 Kxg7 19. a4 Ra5 20. Qc3+ f6 21. Ra3 Rfa8 22. Rfa1 Bc8 23. Nd2 Qf5 24. Bd3 Qg5 25. Nb3 Bh3 26. Bf1 h5 27. Nxa5 Rxa5 28. f4 Qg4 29. Kh1 h4 30. gxh3 Qf3+ 31. Bg2 Qh5 32. e4 Kf7 33. Qf3 Qh6 34. Qg4 Ne8 35. Qe6+ Kf8 36. Rf1 Ng7 37. Qc8+ Kf7 38. Qb8 g5 39. Qxb6 gxf4 40. Qxa5 Nh5 41. Raf3 Qg5 42. Qd2 Qe5 43. Rxf4 1-0

[Event "Titled Tuesday intern op 17th Oct Early"]
[Site "Chess.com INT"]
[Date "2023.10.17"]
[Round "5"]
[White "Luque Saiz, Andres"]
[Black "Travadon, Loic"]
[Result "0-1"]
[WhiteElo "2339"]
[BlackElo "2440"]
[PlyCount "98"]
[EventDate "2023.10.17"]
[EventType "swiss (blitz)"]
[EventRounds "11"]
[EventCountry "USA"]
[SourceTitle "EXT 2025"]
[Source "ChessBase"]
[SourceDate "2024.10.14"]
[SourceVersion "1"]
[SourceVersionDate "2024.10.14"]
[SourceQuality "1"]

1. d4 e6 2. g3 Nf6 3. Bg2 d5 4. Nf3 Bd7 5. 0-0 Bc6 6. Ne5 b5 7. a4 a6 8. Nd2 Bb7 9. c3 Nbd7 10. Nb3 Nxe5 11. dxe5 Nd7 12. Na5 Qc8 13. Bf4 c5 14. Qd3 Be7 15. axb5 c4 16. Qf3 axb5 17. Qg4 g6 18. h4 Bd8 19. Nxb7 Qxb7 20. Qf3 Bb6 21. h5 0-0-0 22. h6 Nc5 23. Bg5 Rd7 24. Bf6 Rg8 25. Qf4 Kc7 26. g4 Ra8 27. Rxa8 Qxa8 28. Qc1 Kc6 29. Qa1 Qxa1 30. Rxa1 Ra7 31. Rxa7 Bxa7 32. e4 Nxe4 33. Bxe4 dxe4 34. Kf1 Kd5 35. Ke2 Bb6 36. f4 exf3+ 37. Kxf3 b4 38. Bg7 bxc3 39. bxc3 Ba5 40. Kf4 Bxc3 41. Bh8 Bd4 42. g5 c3 43. Kf3 Bxe5 44. Bg7 c2 45. Bxe5 Kxe5 46. Kg4 c1Q 47. Kh4 Qh1+ 48. Kg3 Qg1+ 49. Kh3 Qxg5 0-1